Biggest Cities Beginning With 'I' - Statistics

General Stats
  • This quiz has been taken 61 times
  • The average score is 11 of 100
Answer Stats
Population Country City % Correct
15,214,177 Turkey Istanbul
100%
820,445 United States Indianapolis
85%
2,500,603 Turkey İzmir
84%
601,600 Pakistan Islamabad
73%
2,942,828 South Korea Incheon
71%
3,034,200 Nigeria Ibadan
65%
1,547,164 Iran Isfahan
64%
132,493 Austria Innsbruck
55%
586,695 Russia Irkutsk
55%
1,837,041 India Indore
44%
178,835 United Kingdom Ipswich
40%
212,375 United States Irvine
31%
216,290 United States Irving
31%
318,012 Romania Iaşi
29%
120,658 Germany Ingolstadt
25%
631,038 Russia Izhevsk
22%
109,673 United States Inglewood
18%
673,318 Malaysia Ipoh
18%
422,900 Peru Iquitos
18%
420,839 Russia Ivanovo
18%
532,089 Nigeria Ilorin
13%
116,830 United States Independence
13%
196,571 Turkey İzmit
13%
234,837 Yemen Ibb
9%
310,600 Peru Ica
9%
387,681 Philippines Iloilo
9%
223,463 Chile Iquique
9%
108,136 Nigeria Ise
7%
125,645 Nigeria Iwo
7%
541,101 Colombia Ibagué
5%
307,480 Jordan Irbid
5%
397,446 Egypt Ismailia
5%
218,388 South Korea Icheon
4%
282,276 South Korea Iksan
4%
342,618 Philippines Iligan
4%
259,337 Brazil Imperatriz
4%
159,965 Turkey İskenderun
4%
280,562 Japan Ibaraki
2%
131,856 Ecuador Ibarra
2%
283,531 Japan Ichihara
2%
280,331 Japan Ichinomiya
2%
128,840 Syria Idlib
2%
103,074 Brazil Iguatu
2%
159,923 Brazil Ilhéus
2%
223,523 India Imphāl
2%
256,223 Brazil Indaiatuba
2%
133,959 Turkey İnegol
2%
265,409 Brazil Ipatinga
2%
115,836 Colombia Ipiales
2%
380,941 Peru Irapuato
2%
172,334 Turkey Isparta
2%
120,904 Brazil Itabira
2%
102,701 Brazil Itacoatiara
2%
134,819 Brazil Itaguaí
2%
223,112 Brazil Itajaí
2%
177,662 Brazil Itapecerica da Serra
2%
240,961 Brazil Itapevi
2%
130,539 Brazil Itapipoca
2%
375,011 Brazil Itaquaquecetuba
2%
175,568 Brazil Itu
2%
105,255 Brazil Ituiutaba
2%
105,809 Brazil Itumbiara
2%
204,200 Ukraine Ivano-Frankivsk
2%
357,309 Japan Iwaki
2%
182,153 Brazil Ibirité
0%
274,383 India Ichalkaranji
0%
154,997 Egypt Idkū
0%
118,370 Brazil Igarassu
0%
118,468 Mexico Iguala de la Independencia
0%
124,313 Nigeria Ijebu Ode
0%
111,435 Nigeria Ikire
0%
117,601 Japan Ikoma
0%
119,402 Nigeria Ikot Ekpene
0%
140,940 Iran Īlām
0%
216,099 Philippines Imus
0%
102,130 Japan Inazawa
0%
123,263 Indonesia Indramayu
0%
170,039 India Ingrāj Bāzār
0%
131,232 Iran Iranshahr
0%
151,345 Tanzania Iringa
0%
103,401 Japan Isehara
0%
130,692 Japan Isesaki
0%
117,233 Japan Ishinomaki
0%
147,524 DR Congo Isiro
0%
242,543 Brazil Itaboraí
0%
213,685 Brazil Itabuna
0%
289,994 Colombia Itagüí
0%
101,395 Brazil Itaituba
0%
193,524 Japan Itami
0%
103,102 Brazil Itanhaém
0%
103,800 Brazil Itaperuna
0%
165,526 Brazil Itapetininga
0%
100,574 India Itārsi
0%
122,581 Brazil Itatiba
0%
104,004 Japan Iwakuni
0%
108,833 Japan Iwatsuki
0%
322,271 Mexico Ixtapaluca
0%
189,085 Japan Izumi
0%
100,595 Japan Izumisano
0%
No matching quizzes found
Score Distribution
Percent of People with Each Score
Percentile by Number Answered
Your Score History
You have not taken this quiz